Me Pelea - Trap Capos, Noriel, Lito Kirino, Miky Woodz, Juhn, Jochy... - Estadísticas

Estadísticas generales
  • Esta prueba ha sido intentada 38 veces
  • La puntuación promedio es 446 de 759
Estadísticas de respuestas
Letra % Correcto
e
100%
en
100%
En
100%
m
100%
no
100%
Si
100%
si
100%
a
86%
A
86%
con
86%
Con
86%
contesto
86%
de
86%
De
86%
l
86%
los
86%
me
86%
Me
86%
86%
mi
86%
pelea
86%
Pelea
86%
que
86%
qué
86%
se
86%
Se
86%
chingando
71%
contesta
71%
desespera
71%
dice
71%
encima
71%
envío
71%
es
71%
estoy
71%
Estoy
71%
FaceTime
71%
hago
71%
I
71%
la
71%
La
71%
le
71%
llamo
71%
lo
71%
ma
71%
71%
Ma
71%
mensaje
71%
mensajes
71%
mía
71%
Nuestros
71%
otra
71%
pa
71%
Pa
71%
peleas
71%
pichea
71%
po
71%
por
71%
Por
71%
problema
71%
problemas
71%
resuelven
71%
sentir
71%
Siempre
71%
siempre
71%
sin
71%
t
71%
te
71%
Te
71%
texto
71%
textos
71%
ti
71%
tira
71%
tras
71%
trepa
71%
71%
71%
un
71%
una
71%
vea
71%
y
71%
Y
71%
aguanto
57%
celular
57%
el
57%
El
57%
Ella
57%
ella
57%
más
57%
to
57%
Ah
43%
ah
43%
Apaga
43%
baby
43%
Baby
43%
bellaca
43%
bicho
43%
chingar
43%
como
43%
crema
43%
cuando
43%
Deja
43%
dejo
43%
ea
43%
está
43%
este
43%
fumo
43%
indirecta
43%
llama
43%
llego
43%
loca
43%
martillo
43%
metía
43%
mordía
43%
my
43%
nadie
43%
nota
43%
orgullo
43%
pelear
43%
pone
43%
pongo
43%
porque
43%
pueden
43%
puesta
43%
sabe
43%
soy
43%
Soy
43%
tema
43%
tiren
43%
tuyo
43%
Victoria
43%
Vine
43%
vine
43%
voy
43%
way
43%
Ya
43%
Ye
43%
yo
43%
agarro
29%
aunque
29%
Aunque
29%
Averiguó
29%
baja
29%
break
29%
calle
29%
camino
29%
chingamos
29%
clave
29%
cogí
29%
come
29%
culo
29%
do
29%
eso
29%
Fetty
29%
huyo
29%
llevo
29%
loquita
29%
mala
29%
media
29%
nunca
29%
par
29%
pasar
29%
pena
29%
Pero
29%
pero
29%
saca
29%
sea
29%
tiro
29%
totito
29%
vuelve
29%
you
29%
You
29%
adentro
14%
agarra
14%
AK
14%
bajamo
14%
batea
14%
bebé
14%
beso
14%
Bien
14%
calling
14%
cambiar
14%
chocha
14%
cojone
14%
conmigo
14%
crazy
14%
daddy
14%
del
14%
diadema
14%
encojona
14%
ere
14%
eres
14%
ese
14%
estas
14%
fríe
14%
fui
14%
goddamn
14%
hoy
14%
importa
14%
kayak
14%
lean
14%
lejos
14%
llamada
14%
Llegan
14%
llegando
14%
mamo
14%
manda
14%
melena
14%
niego
14%
novio
14%
Oh
14%
olvido
14%
peleemo
14%
peso
14%
prefiero
14%
quedan
14%
quejaba
14%
queso
14%
quita
14%
rema
14%
resuelvo
14%
sabes
14%
Santana
14%
Selena
14%
tiene
14%
toto
14%
tranquila
14%
Uh
14%
va
14%
Wait
14%
wait
14%
Wap
14%
won
14%
Yeh
14%
yeh
14%
Ajá
0%
atrá
0%
Ay
0%
bidi
0%
bom
0%
cama
0%
choteando
0%
contigo
0%
cuanto
0%
darme
0%
entienda
0%
entran
0%
expresso
0%
extraña
0%
Facts
0%
gone
0%
grabando
0%
Hol
0%
Jaja
0%
Jangueo
0%
Jeh
0%
know
0%
lazy
0%
Lexus
0%
movie
0%
mujer
0%
Nah
0%
nos
0%
padrino
0%
preso
0%
psyquita
0%
quedo
0%
Skr
0%
skr
0%
Skrr
0%
su
0%
uno
0%
up
0%
Wuh
0%
Yup
0%
No se encontraron pruebas coincidentes
Distribución de puntuación
Porcentaje de gente con cada puntuación
Porcentaje por número respondido
Historial de tus puntuaciones
No has intentado esta prueba.